000 00628cam a22002293a 4500
001 2746
003 PGUSA
005 20140828083021.0
008 040922s2004||||xxu|||||s|||||000 | eng d
040 _aPGUSA
_beng
042 _adc
050 4 _aHV
100 1 _aDumas, Alexandre,
_d1802-1870
245 1 0 _aUrbain Grandier :
_bCelebrated Crimes
_h[electronic resource] /
_cAlexandre Dumas
260 _bProject Gutenberg,
_c2004
506 _aPublic domain in the USA.
516 _aElectronic text
653 _aCrime
830 0 _aProject Gutenberg
_v2746
856 4 0 _uhttp://www.gutenberg.org/ebooks/2746
942 _cEB
999 _c232078
_d232078